4 of a Kind Quiz Stats

 Plays Quiz Updated Jan 25, 2019

Support Sporcle.
Go Orange.
Score 0/30 Timer 02:00
0 Plays Today
Word Missing Letter % Correct
F _ _ T L _ _ S E???
94.1%
F _ _ L P R _ _ F???
92.7%
C _ _ K B _ _ K???
91.7%
H I _ _ B I _ _ Y???
88.7%
_ X C _ _ D _ D???
85.4%
V _ _ D _ _???
83.4%
T _ _ P _ _???
77.2%
G R A N _ _ A _ _ Y???
77.1%
M _ C _ D _ M I _???
76.3%
J _ M B _ L _ Y _???
73.3%
R _ F R _ _ Z _???
71.2%
J E _ _ Y R O _ _???
70.1%
B _ L _ C L _ V _???
67.5%
M _ H _ R _ J _ H???
66.3%
I _ _ E G A _ _ Y???
64.5%
Word Missing Letter % Correct
M _ _ N R _ _ F???
62.7%
B _ _ H _ _???
61.6%
C _ T _ M _ R _ N???
60.9%
_ O G S L E _ _ E _???
60.4%
S K E _ A _ _ L E _???
55.8%
R I _ _ R A _ _???
54.4%
A _ _ O U _ C I _ G???
54.3%
R _ D _ _ M _ D???
53.4%
S U _ T A _ _ I _ G???
51.5%
_ A _ _ O G R A _???
50.6%
L _ C _ M _ T _ R???
45%
_ A _ _ I N _???
42.6%
_ Y _ P I _ C _???
37.4%
A _ _ A _ _ I N???
26.3%
A _ _ E _ _???
23.3%

You're not logged in!

Compare scores with friends on all Sporcle quizzes.
OR
Log In
Forgot?

From the Vault

Countries of the Russian/Soviet Empires

by zeppelinoid

History 7m
In Soviet Russia the quiz takes you!
Remove Ads.
Support Sporcle.
Get the best of Sporcle when you Go Orange. This ad-free experience offers more features, more stats, and more fun while also helping to support Sporcle. Thank you for becoming a member.

Show Comments

Extras

Top Quizzes Today


Score Distribution

Your Account Isn't Verified!

In order to create a playlist on Sporcle, you need to verify the email address you used during registration. Go to your Sporcle Settings to finish the process.

Report this User

Report this user for behavior that violates our Community Guidelines.

Details: